Table of integrals, series, and products /

Guardado en:
Detalles Bibliográficos
Autor principal: Gradshteĭn, I. S. (Izrailʹ Solomonovich)
Otros Autores: Ryzhik, I. M. (Iosif Moiseevich), Jeffrey, Alan
Formato: Libro
Lenguaje:inglés
ruso
Publicado: San Diego Academic Press 2000.
Edición:6th ed.
Materias:
Acceso en línea:Publisher description
Table of contents
Ver en el OPAC
Etiquetas: Agregar Etiqueta
Sin Etiquetas, Sea el primero en etiquetar este registro!

MARC

LEADER 00000cam a2200000 a 4500
005 20260127134239.0
008 000509s2000 cau b 001 0 eng
010 |a 00-104373 
020 |a 0122947576 (acidfree paper) 
035 |a vtls008418303 
035 |a 12001885 
039 9 |a 200512131315  |b mschk03  |y 200512131311  |z mschk03 
040 |a STUSCHK1  |b slo  |c STUSCHK1 
041 1 |a eng  |h rus 
082 0 0 |a 515/.0212  |2 21 
100 1 |a Gradshteĭn, I. S.  |q (Izrailʹ Solomonovich) 
240 1 0 |a Tablit︠s︡y integralov, summ, ri︠a︡dov i proizvedeniĭ.  |l English 
245 1 0 |a Table of integrals, series, and products /  |c I.S. Gradshteyn and I.M. Ryzhik ; Alan Jeffrey, editor ; Daniel Zwillinger, associate editor ; translated from the Russian by Scripta Technica, Inc. 
250 |a 6th ed. 
260 |a San Diego  |b Academic Press  |c 2000. 
300 |a xlvii, 1163 p.  |c 25 cm. 
504 |a Includes bibliographical references (p. 1133-1142) and indexes. 
650 0 |a Mathematics  |v Tables. 
700 1 |a Ryzhik, I. M.  |q (Iosif Moiseevich) 
700 1 |a Jeffrey, Alan. 
856 4 2 |3 Publisher description  |u http://www.loc.gov/catdir/description/els031/00104373.html 
856 4 1 |3 Table of contents  |u http://www.loc.gov/catdir/toc/els031/00104373.html 
906 |a 7  |b cbc  |c orignew  |d 2  |e epcn  |f 20  |g y-gencatlg 
910 |a SCHK95 
919 |a 0-12-294757-6 
925 0 |a acquire  |b 2 shelf copies  |x policy default 
999 |c 7762  |d 7762